|
|
|
|
| LEADER |
00000nam a22000007a 4500 |
| 005 |
20210204000650.0 |
| 007 |
cr|||| |||| |
| 008 |
210204s2020 es |||||s|||| 00||0 spa d |
| 020 |
|
|
|a 978-84-1377-142-7
|
| 035 |
|
|
|a 32948
|
| 040 |
|
|
|a vLex
|
| 090 |
|
|
|c 11088
|d 11088
|
| 100 |
1 |
|
|a Izquierdo Tolsada, Mariano
|
| 245 |
1 |
0 |
|a Comentarios a las sentencias de unificacin̤ de doctrina
|h [Recurso electrn̤ico] :
|b Civil y mercantil (2019) /
|c Mariano Izquierdo Tolsada
|n Volumen 11ð
|
| 256 |
|
|
|a Servicio en ln̕ea
|
| 260 |
|
|
|a Madrid:
|b Dykinson,
|c 2020
|
| 300 |
|
|
|a 1 recurso electrn̤ico
|
| 500 |
|
|
|a Igual que ya sucede desde hace aǫs en las restantes Salas del Alto Tribunal, la Sala de lo Civil tom ̤la iniciativa en el aǫ 2006 gracias al impulso del que era su Presidente, don Juan Antonio Xiol, de unificar por medio de sentencias plenarias la doctrina jurisprudencial en tantos temas polm̌icos, pues eran muchas las contradicciones que se vena̕n padeciendo en el sistema de nuestro Derecho privado como consecuencia de que se dictaran sentencias muy dispares, y hasta de signo opuesto, para supuestos prc̀ticamente idňticos. Las sentencias del Pleno de la Sala Primera fueron as ̕una iniciativa considerada un verdadero acontecimiento, y ello que justific ̤que, al no tratarse de algo efm̕ero o coyuntural, diese lugar a que este sello editorial alumbrara toda una nueva coleccin̤ dedicada al anl̀isis de esas sentencias. Era preciso evitar que el conocimiento de sentencias tan importantes fuera ms̀ o menos indirecto o casual, a travš de obras generales, de monografa̕s o hasta de revistas dedicadas a comentarios jurisprudenciales que, teniendo algunas una calidad extraordinaria, no lograban ese props̤ito, al dar cabida las mismas a muchas otras sentencias que no tienen carc̀ter plenario. Los cuatro primeros volm︢enes abarcaron el pero̕do 2006-2010. Con la aparicin̤ simultǹea de los volm︢enes V (aǫs 2011 y 2012) y VI (aǫs 2013 y 2014) se abri ̤la segunda p̌oca de la misma, que junto con el soporte de papel, comenz ̤a contar desde entonces con la versin̤ digital merced a la coedicin̤ con la Agencia Estatal del Boletn̕ Oficial del Estado en la pg̀ina www.boe. es. Entendemos que es šta una manera ideal, justa y oportuna de dar a conocer a la comunidad cientf̕ica el contenido de unas resoluciones que tratan de cumplir la deseada funcin̤ profilc̀tica de la jurisprudencia civil, y de hacerlo de un modo merecido, con una sede editorial propia, y en doble soporte: el cls̀ico y el digital. El presente constituye el volumen XI de la coleccin̤, que comprende las sentencias dictadas por el Pleno a lo largo del aǫ 2019.
|
| 506 |
1 |
|
|a Disponible solo en los productos indicados
|d vLex Global
|d vLex Global (Academic Edition, excluding Law Schools)
|d vLex Global (U.S. Academic Edition, Law Schools)
|d vLex Global (U.S. Academic Edition, excluding Law Schools)
|d vLex Global (Academic Edition, Law Schools)
|
| 650 |
0 |
4 |
|a Derecho Civil
|z Espaą
|
| 650 |
0 |
4 |
|a Derecho Mercantil y de la Empresa
|z Espaą
|
| 740 |
0 |
|
|a vLex Libros (Servicio en ln̕ea)
|
| 856 |
4 |
0 |
|u http://vlex.com/source/comentarios-a-las-sentencias-de-unificacion-de-doctrina-civil-y-mercantil-volumen-11-2019--32948
|z Acceso restringido
|
| 942 |
|
|
|c BOOK
|
| 999 |
0 |
|
|a Civil Law
|
| 999 |
0 |
|
|a Commercial and Company Law
|